A carregar...
Current Contents: Life sciences, Vol.41 (45-48)
| Formato: | Continuing Resources |
|---|---|
| Idioma: | Undetermined |
| Publicado em: |
Philadelphia :
Institute for Scientific Information,
1998
|
| Assuntos: |
| LEADER | 00502nam a2200121Ia 4500 | ||
|---|---|---|---|
| 008 | 200122s9999||||xx |||||||||||||| ||und|| | ||
| 080 | |a CC-41 |b (45-48) | ||
| 245 | 0 | |a Current Contents: Life sciences, Vol.41 (45-48) | |
| 260 | |a Philadelphia : |b Institute for Scientific Information, |c 1998 | ||
| 650 | |a Current Contents (Journal) | ||
| 942 | |c REF | ||
| 999 | |c 263201 |d 263201 | ||
| 952 | |0 0 |1 0 |4 0 |6 CC_41_4548_1998_000000000000000 |7 0 |9 279410 |a BCH |b BCH |h Vol.41 (45-48) |l 0 |o CC-41 (45-48) 1998 |p BCHJ1662 |r 2020-01-24 |w 2020-01-24 |y CR | ||